Correspondencia, 1915-1930

Guardat en:
Dades bibliogràfiques
Autor principal: Mariátegui La Chira, José Carlos (autor)
Format: Llibre
Idioma:espanyol
Publicat: Lima Amauta 1984
Edició:1a. ed
Col·lecció:Biblioteca Amauta
Matèries:
Etiquetes: Afegir etiqueta
Sense etiquetes, Sigues el primer a etiquetar aquest registre!

MARC

LEADER 00000nam a2200000 a 4500
001 UCK2888
003 CL-VaPUC
005 20210823181219.0
008 050324e19840000PE |||||||||||||||||spa|d
999 |c 312282  |d 312280 
040 |c Pontificia Universidad Católica de Valparaíso 
082 0 4 |a 320.092  |b MAR  |2 21 
100 |a Mariátegui La Chira, José Carlos,  |e autor  |9 862605 
245 1 0 |a Correspondencia, 1915-1930 
250 |a 1a. ed 
260 |a Lima  |b Amauta  |c 1984 
300 |a v 
490 0 |a Biblioteca Amauta 
583 |a last modification  |c 20050324 00:00:00  |k Rodrigo Vera 
650 0 |a Correspondencia  |9 258963 
650 7 |a POLITICOS PERUANOS  |2 CL-VaPUC  |9 490879 
650 7 |a MARXISMO  |2 CL-VaPUC  |9 490880 
650 7 |a FILOSOFOS PERUANOS  |2 CL-VaPUC  |9 487712 
942 |c BK  |2 ddc 
945 |d 20050324 00:00:00  |a cmena 
952 |0 0  |1 0  |4 0  |6 320_092000000000000_MAR_1984  |7 0  |8 A  |9 382346  |a BIBART  |b BIBART  |d 2019-11-21  |h v.1  |i 4102029  |o 320.092 MAR 1984  |p 4102029  |r 2025-03-13  |w 2019-11-21  |y BK  |k ART 
952 |0 0  |1 0  |4 0  |6 320_092000000000000_MAR_1984  |7 0  |8 A  |9 382347  |a BIBART  |b BIBART  |d 2019-11-21  |h v.2  |i 4102037  |o 320.092 MAR 1984  |p 4102037  |r 2025-03-13  |w 2019-11-21  |y BK  |k ART